Länder am nächsten zum Jemen - Statistiken

Allgemein
  • Dieses Quiz wurde 125 mal gespielt
  • Das Durchschnittsergebnis liegt bei 16 aus 20
Antwortstatistiken
Km Land % Korrekt
0 Saudi-Arabien
100%
0 Oman
99%
442 Vereinigte Arabische Emirate
89%
858 Iran
88%
1212 Irak
87%
839 Ägypten
86%
615 Katar
86%
133 Somalia
84%
771 Bahrain
83%
1106 Kuwait
82%
29 Eritrea
80%
480 Sudan
80%
109 Äthiopien
78%
1070 Südsudan
77%
1493 Jordanien
76%
985 Kenia
69%
20 Dschibuti
68%
1206 Pakistan
64%
1504 Afghanistan
52%
1397 Uganda
41%
Keine übereinstimmenden Quizze gefunden
Verteilung der Resultate
Anzahl Personen mit jedem Resultat
Perzentil nach korrekt beantworteten Fragen
Ihre Resultats-Entwicklung
Sie haben dieses Quiz noch nicht gespielt